MDQL
is popping MORE tags! Check the
thread
!
Quizzes
Events
Quiz Creation
Community
Videos
Private Events
Remove Ads
Sign In
Join for FREE
Feedback
Dark Mode
Quiz Categories
Sports
Geography
Music
Movies
Television
Just For Fun
Miscellaneous
History
Literature
Language
Science
Gaming
Entertainment
Religion
Holiday
For Kids
Quiz Lab
Recent
Popular Today
Quiz Kudos Today
Editor Picks
Curator Picks
Quizzes by...
Day
Popularity
Type
Ratings
Length
Year
Community
Subscriptions
Recent Discussions
Orange Saloon
Badges
Playlists
Quests
Create
Leaderboards
Showdown
Live 5
Trivia Bingo
Activity
Puzzle Library
Sporcle Events
Private Events
Virtual Trivia
Globe League
Become a Host
Pub Owners
SporcleCon
Opinionation
Our Games
Videos
Blog
Mobile Apps
Partnerships
Remove Ads and Go Orange
Feedback
Music
Pop Music
The Beatles
Song
Album
Lyrics
Bands
Singers
Artist
Clip
Rock
Rap
Classical
Billboard
Country Music
Kpop
Taylor Swift
Music
Pop Music
The Beatles
Song
Album
Lyrics
Bands
Singers
Artist
Clip
Rock
Rap
Classical
Billboard
Country Music
Kpop
Taylor Swift
Random Quiz
Search Sporcle
×
Quiz Lab
Quiz Lab
Music
theatre
Type in answers that appear in a list
Type in answers that appear in a list
Classic
Best Score? Go Orange.
Musicals of Andrew Lloyd Webber Stats
Can you name the Musicals of Andrew Lloyd Webber?
By
bcimmet
8m
20 Questions
185 Plays
185 Plays
185 Plays
Comments
Comments
Give Quiz Kudos
Give Quiz Kudos
-
- Ratings
hide this ad
More Info
Replay
Link that replays current quiz
Next Quiz
Link to next quiz in quiz playlist
You Got
0%
They Got
Avg Score
56%
Avg Friend Score
Upgrade to see
Score Distribution
Jump to the score distribution portion of the page
Score
0/20
Timer
08:00
0
Plays Today
Year
Musical
% Correct
1981
Cats
94%
1986
The Phantom of the Opera
92.9%
1976
Evita
83.7%
1968
Joseph and the Amazing Technicolor Dreamcoat
81.5%
1970
Jesus Christ Superstar
81%
1984
Starlight Express
69.6%
2010
Love Never Dies
64.7%
2015
School of Rock
64.1%
1993
Sunset Boulevard
59.2%
1989
Aspects of Love
53.3%
Year
Musical
% Correct
2004
The Woman in White
47.8%
1996
Whistle Down the Wind
46.7%
1982
Song and Dance
45.1%
1975
Jeeves
44.6%
1979
Tell Me On a Sunday
41.3%
2013
Stephen Ward the Musical
39.1%
2000
The Beautiful Game
38%
2011
The Wizard of Oz
33.7%
1965
The Likes of Us
28.8%
1986
Cricket
23.9%
Quiz Playlist
Details
Report
Send in Message
Add To Playlist
More Info:
Can you name all the musicals for which Andrew Lloyd Webber composed music? The year of their original production is given.
Classic:
Type in answers that appear in a list
Quiz Source
Last Updated: Feb 16, 2017
Quiz Scoreboard
CHALLENGE
Sign Up to Join the Scoreboard
Show All
Scores
Hide
Comments
May contain spoilers
Recently Published
Two Season TV Shows II
by 123Four
Television
10m
Image Sorting: Flags VI
by Barbecue
Geography
2m
Find the 'City' Movie
by crazypaving
Movies
60s
More to Explore
Quiz From the Vault
Featured Blog Post
14 Easter Pick-up Lines to Find Eggs With
hide this ad
You Might Also Like...
Tags
Broadway Musicals
Broadway Shows
Musical Theater
Theater
theatre
Webber Musicals
Today's Top Quizzes in Music
Browse Music
hide this ad
Today's Top Quizzes in theatre
Browse theatre
Top Contributed Quizzes in Music
1
5X2 Blitz: Bands II
2
5X2 Blitz: The Beatles
3
Taylor Swift All Songs (2024)
4
5X2 Blitz: Billboard
5
5X2 Blitz: Billboard II
6
5X2 Blitz: Album
7
5X2 Blitz: Singers
8
5X2 Blitz: Rock
9
Music Artist by Three 2010s hits
10
5X2 Blitz: Lyrics
Explore More
Trending Topics
Harry Potter
Crossword
NBA
Disney
Kpop
Marvel
Anime
WWE
NFL
Country
The Office
Soccer
Puzzle
Song
Pokémon
hide this ad
More By:
bcimmet
Quiz
Plays
Rating
Category
Featured
Created
Two-Letter Words That Begin With U
60,567
3.66
Language
Mar 19, 2015
Home Runs by First Name
6,479
4.73
Sports
Mar 12, 2023
What country can I never remember on geography quizzes?
564
2.61
Geography
Mar 3, 2015
Clickable Musicals of Stephen Sondheim
367
4.67
Entertainment
Feb 23, 2016
Michael Giacchino scored movies
204
3.60
Movies
Apr 22, 2015
Go to Creator's Profile
Score Distribution
Quiz Creator Spotlight
bcimmet
Follow
Send a Message
Quizzes Created
-
Created Quiz Play Count
-
More By This Creator
Popular Quizzes Today
1
Find the US States - No Outlines Minefield
2
Colored Red Africa Blitz
3
Find the 'City' Movie
4
5x2 Blitz: Bands
5
The Countries of the World
6
Find the Countries of Europe - No Outlines Minefield
7
Find the US States
8
US States
More Music Quizzes
Run and Walk Songs
Published
Trending Quizzes
Colored Red Europe Blitz I
Colored Red Africa Blitz II
Colored Red Europe Blitz II
Colored Red Africa Blitz III
Colored Red Europe Blitz III
Recently Updated
How Do You Spell That?
pecheneg
Godzilla Movies
pecheneg
Grab Bag: 4-10 Letters
pecheneg
2024 March Madness Bracket
pecheneg
Famous TV Couples
Peacemaker
Champions League XIs: Real Madrid
pecheneg
Largest US Cities 1790-2010
pecheneg
Rides in Walt Disney World
pecheneg
Most Oscar Losses (Acting)
pecheneg
Beyoncé Albums
pecheneg
Trending Topics
Crossword
Disney
NBA
Marvel
Anime
Harry Potter
Kpop
Song
The Office
Soccer
Pokémon
NFL
Country
WWE
Puzzle
Your Account Isn't Verified!
In order to create a playlist on Sporcle, you need to verify the email address you used during registration. Go to your
Sporcle Settings
to finish the process.
Report this User
Report this user for behavior that violates our
Community Guidelines
.
Details:
Send Report
Go to the Sporcle.com Mobile Site →
Comments